000
00297nam a22001337a 4500
008
190304b xxu||||| |||| 00| 0 eng d
020
_a
9780393924954
041
_a
eng
080
_a
941
100
_a
16
101
_a
SHP
245
_a
A History of Modern Europe
_c
Merriman, J
942
_2
udc
_c
BK
999
_c
54444
_d
54444